00355nam a22001331a 4500082002100000100001600021245004600037260003300083300001000116650003000126650002600156650002500182650001400207 aM 907.202bKKN/C aK K N Kurup aCharithrathinte pathayil/cby K K N Kurup aCalicut:bRead Books,c1999. a120p. aAutobiography K K N Kurup aBiography K K N Kurup aBiography Historians aBiography